[Event "Excelsior September FIDE Ladder"]
[Site "Toronto CAN"]
[Date "2023.09.30"]
[Round "1.3"]
[White "Toor, Josh"]
[Black "Leliveld, Andrew"]
[Result "1-0"]
[WhiteElo "799"]
[BlackElo "1717"]
[PlyCount "133"]
[EventDate "2023.09.30"]
[EventType "swiss"]
[EventRounds "5"]
[EventCountry "CAN"]

1. e4 c6 2. d4 d5 3. e5 c5 4. Bb5+ Nc6 5. Bxc6+ bxc6 6. dxc5 Qa5+ 7. Bd2 Qxc5
8. h3 Bf5 9. Bc3 e6 10. Nf3 Be7 11. O-O f6 12. Nd4 fxe5 13. Nxf5 exf5 14. Bxe5
Nf6 15. Bxf6 Bxf6 16. Re1+ Kf7 17. c3 g6 18. Qe2 Rhe8 19. Qd1 Rxe1+ 20. Qxe1
Re8 21. Qd1 Qb5 22. b4 Qe2 23. Qxe2 Rxe2 24. Na3 Bxc3 25. Kf1 Rxf2+ 26. Kxf2
Bxa1 27. Nc2 Bc3 28. Ke3 Ke6 29. Kd3 Bf6 30. a4 a6 31. Nd4+ Bxd4 32. Kxd4 Kd6
33. h4 f4 34. Kd3 Ke5 35. Kd2 Ke4 36. b5 axb5 37. a5 b4 38. a6 c5 39. a7 c4 40.
a8=Q b3 41. Qh8 d4 42. Qe8+ Kd5 43. Qg8+ Kc5 44. Qxh7 c3+ 45. Kc1 b2+ 46. Kb1
Kc4 47. Qxg6 Kb3 48. Qc2+ Kc4 49. h5 d3 50. Qd1 Kd4 51. h6 c2+ 52. Qxc2 dxc2+
53. Kxc2 Ke3 54. h7 Kf2 55. h8=Q Kxg2 56. Qh4 f3 57. Qg4+ Kf2 58. Kxb2 Ke3 59.
Qe6+ Kd2 60. Qc4 Ke1 61. Qe4+ Kf2 62. Kc2 Kg3 63. Qg6+ Kh2 64. Kd2 Kh3 65. Ke3
Kh2 66. Kxf3 Kh1 67. Qg2# 1-0

[Event "Excelsior September FIDE Ladder"]
[Site "Toronto CAN"]
[Date "2023.09.30"]
[Round "1.4"]
[White "Beal, Greg"]
[Black "Askari Hassanvand, Radin"]
[Result "1-0"]
[WhiteElo "1731"]
[BlackElo "725"]
[PlyCount "49"]
[EventDate "2023.09.30"]
[EventType "swiss"]
[EventRounds "5"]
[EventCountry "CAN"]

1. e4 c6 2. d4 d5 3. exd5 cxd5 4. Bd3 Nc6 5. c3 Nf6 6. Bf4 Qb6 7. Qc2 e6 8. Nf3
Be7 9. Nbd2 O-O 10. O-O Qd8 11. Ne5 h6 12. h3 Nd7 13. Ndf3 Ndxe5 14. Nxe5 Bg5
15. Bh2 Nxe5 16. dxe5 Qb6 17. Kh1 Bd7 18. f4 Be7 19. f5 Bb5 20. f6 Bd8 21. Bh7+
Kh8 22. Rf4 g6 23. Bxg6 fxg6 24. Qxg6 Rg8 25. Qxh6# 1-0

[Event "Excelsior September FIDE Ladder"]
[Site "Toronto CAN"]
[Date "2023.09.30"]
[Round "2.1"]
[White "Oancea, Nicolae"]
[Black "Tyulenev, Alexey"]
[Result "1-0"]
[WhiteElo "1948"]
[BlackElo "1205"]
[PlyCount "67"]
[EventDate "2023.09.30"]
[EventType "swiss"]
[EventRounds "5"]
[EventCountry "CAN"]

1. e4 e6 2. d4 d5 3. Nd2 c5 4. exd5 exd5 5. Ngf3 Nf6 6. dxc5 Nc6 7. Nb3 Bxc5 8.
Nxc5 Qa5+ 9. Bd2 Qxc5 10. Bd3 O-O 11. O-O Bg4 12. a3 Ne4 13. Be3 Qa5 14. Be2
Rad8 15. c3 Rfe8 16. Re1 a6 17. Nd4 Bxe2 18. Qxe2 Ne5 19. Bf4 Ng6 20. Bg3 Qc5
21. Qc2 Rc8 22. Re2 Nxg3 23. hxg3 Qc4 24. Rae1 Rxe2 25. Rxe2 b5 26. Qf5 Rd8 27.
Re3 Qa2 28. Re2 Qa1+ 29. Kh2 Qc1 30. f4 h6 31. Nc6 Rd6 32. Re8+ Kh7 33. Qxf7
Nh4 34. Ne5 1-0

[Event "Excelsior September FIDE Ladder"]
[Site "Toronto CAN"]
[Date "2023.09.30"]
[Round "2.2"]
[White "Truong, Daniel"]
[Black "Ali, Shafkat"]
[Result "1-0"]
[WhiteElo "1530"]
[BlackElo "1659"]
[PlyCount "65"]
[EventDate "2023.09.30"]
[EventType "swiss"]
[EventRounds "5"]
[EventCountry "CAN"]

1. e4 e5 2. Nf3 Nc6 3. Bc4 Bc5 4. c3 Nf6 5. d4 exd4 6. cxd4 Bb4+ 7. Bd2 Bxd2+
8. Nbxd2 d6 9. h3 O-O 10. O-O Re8 11. Re1 a6 12. Rc1 Ne7 13. Bb3 Ng6 14. Qc2 c6
15. a3 Bd7 16. Nc4 Qc7 17. e5 dxe5 18. Ncxe5 Be6 19. Nxg6 Bxb3 20. Qxb3 hxg6
21. Ne5 Nd5 22. Qxd5 Rad8 23. Qc4 Rd6 24. b4 Red8 25. Nf3 Rf6 26. Qe2 Re6 27.
Qc2 Rf6 28. Qe4 Rf4 29. Qe5 Qxe5 30. Rxe5 f6 31. Re7 f5 32. Rxb7 Re4 33. Rxc6
1-0

[Event "Excelsior September FIDE Ladder"]
[Site "Toronto CAN"]
[Date "2023.09.30"]
[Round "2.4"]
[White "Battiston, Michael"]
[Black "Toor, Josh"]
[Result "1-0"]
[WhiteElo "1076"]
[BlackElo "799"]
[PlyCount "111"]
[EventDate "2023.09.30"]
[EventType "swiss"]
[EventRounds "5"]
[EventCountry "CAN"]

1. e4 e5 2. d4 exd4 3. c3 Nf6 4. e5 Ne4 5. Bc4 dxc3 6. Qd5 Qe7 7. Qxe4 c2 8.
Nc3 c6 9. Qxc2 Qxe5+ 10. Be3 d5 11. Nf3 Qf5 12. Bd3 Qg4 13. O-O Bd6 14. Rfe1
O-O 15. Bxh7+ Kh8 16. Ng5 g6 17. Rad1 Bf5 18. Qb3 b5 19. Bd4+ f6 20. h4 Qxh4
21. Bxf6+ Rxf6 22. Re8+ Rf8 23. Rxf8+ Bxf8 24. Nce4 Bxe4 25. Nxe4 Qxe4 26. Qh3
Kg7 27. Rd3 Na6 28. Re3 Qf5 29. Qxf5 gxf5 30. Bxf5 Kf6 31. Bd7 Nb4 32. a3 Rd8
33. Be8 d4 34. Rf3+ Ke5 35. Rxf8 d3 36. f4+ Ke6 37. Bf7+ Ke7 38. Rxd8 Kxd8 39.
axb4 Ke7 40. Bb3 Kf6 41. g4 Ke7 42. Kf2 c5 43. bxc5 a5 44. g5 a4 45. Bc2 b4 46.
Bxa4 b3 47. Bxb3 d2 48. c6 Kd6 49. g6 d1=Q 50. Bxd1 Kxc6 51. g7 Kc5 52. g8=Q
Kb4 53. Ke3 Ka5 54. Qb8 Ka6 55. Be2+ Ka5 56. Qb5# 1-0

[Event "Excelsior September FIDE Ladder"]
[Site "Toronto CAN"]
[Date "2023.09.30"]
[Round "3.1"]
[White "Beal, Greg"]
[Black "Oancea, Nicolae"]
[Result "0-1"]
[WhiteElo "1731"]
[BlackElo "1948"]
[PlyCount "66"]
[EventDate "2023.09.30"]
[EventType "swiss"]
[EventRounds "5"]
[EventCountry "CAN"]

1. e4 e5 2. Nf3 Nc6 3. d4 exd4 4. Bc4 Be7 5. Ng5 Bxg5 6. Qh5 g6 7. Qxg5 Qxg5 8.
Bxg5 d6 9. Nd2 Be6 10. Bb5 h5 11. f3 f6 12. Bh4 Kf7 13. Bf2 Nge7 14. a3 Rad8
15. O-O-O d5 16. Rhe1 dxe4 17. Nxe4 a6 18. Bf1 b5 19. Nc5 Bc8 20. b4 Rhe8 21.
Rd2 Nd5 22. Rde2 Rxe2 23. Rxe2 Nb6 24. Kb2 Nc4+ 25. Kb3 N6e5 26. f4 d3 27. cxd3
Nxd3 28. Rc2 Nxc5+ 29. Bxc5 Nd2+ 30. Kc3 Nxf1 31. Re2 Be6 32. g3 Rd7 33. Rf2
Bc4 0-1

[Event "Excelsior September FIDE Ladder"]
[Site "Toronto CAN"]
[Date "2023.09.30"]
[Round "3.2"]
[White "Ali, Shafkat"]
[Black "Toor, Josh"]
[Result "1-0"]
[WhiteElo "1659"]
[BlackElo "799"]
[PlyCount "29"]
[EventDate "2023.09.30"]
[EventType "swiss"]
[EventRounds "5"]
[EventCountry "CAN"]

1. e4 e5 2. Nf3 Nc6 3. Bb5 Nd4 4. Nxd4 exd4 5. O-O c6 6. Bc4 Bb4 7. c3 dxc3 8.
Nxc3 d6 9. Qb3 Bc5 10. Bxf7+ Ke7 11. d3 h6 12. Be3 Bb6 13. Bxb6 Qxb6 14. Bxg8
Qd8 15. Qf7# 1-0

[Event "Excelsior September FIDE Ladder"]
[Site "Toronto CAN"]
[Date "2023.09.30"]
[Round "3.4"]
[White "Tyulenev, Alexey"]
[Black "Battiston, Michael"]
[Result "1-0"]
[WhiteElo "1205"]
[BlackElo "1076"]
[PlyCount "31"]
[EventDate "2023.09.30"]
[EventType "swiss"]
[EventRounds "5"]
[EventCountry "CAN"]

1. e4 c6 2. d4 d5 3. e5 Bf5 4. h4 h5 5. Bg5 Qb6 6. Bd3 Qxb2 7. Bxf5 Qxa1 8. e6
g6 9. Bd3 Bh6 10. Nf3 Bxg5 11. exf7+ Kxf7 12. Ne5+ Kg7 13. hxg5 Qxd4 14. Nxg6
Rh7 15. Rxh5 Rxh5 16. Qxh5 1-0

[Event "Excelsior September FIDE Ladder"]
[Site "Toronto CAN"]
[Date "2023.10.01"]
[Round "4.1"]
[White "Oancea, Nicolae"]
[Black "Truong, Daniel"]
[Result "1/2-1/2"]
[WhiteElo "1948"]
[BlackElo "1530"]
[PlyCount "66"]
[EventDate "2023.09.30"]
[EventType "swiss"]
[EventRounds "5"]
[EventCountry "CAN"]

1. Nf3 Nf6 2. c4 e6 3. g3 d5 4. b3 Bd6 5. Bb2 c6 6. Bg2 Nbd7 7. d4 Ne4 8. O-O
O-O 9. c5 Bc7 10. b4 f5 11. e3 Qf6 12. Nc3 e5 13. dxe5 Nxe5 14. Nxe5 Qxe5 15.
Qc2 Qe7 16. Ne2 Bd7 17. Bd4 Be5 18. Rab1 Rae8 19. Rfe1 a6 20. a4 h5 21. Bxe5
Qxe5 22. Nd4 g6 23. b5 axb5 24. axb5 cxb5 25. Nxb5 Rc8 26. Bxe4 dxe4 27. Rec1
b6 28. Qa2+ Be6 29. Qa6 bxc5 30. Na7 Rc7 31. Nb5 Rcc8 32. Na7 Rc7 33. Nb5 Rcc8
1/2-1/2

[Event "Excelsior September FIDE Ladder"]
[Site "Toronto CAN"]
[Date "2023.10.01"]
[Round "4.2"]
[White "Beal, Greg"]
[Black "Ali, Shafkat"]
[Result "0-1"]
[WhiteElo "1731"]
[BlackElo "1659"]
[PlyCount "124"]
[EventDate "2023.09.30"]
[EventType "swiss"]
[EventRounds "5"]
[EventCountry "CAN"]

1. e4 e5 2. Nf3 Nc6 3. d4 exd4 4. Bc4 Nf6 5. e5 d5 6. Bb5 Ne4 7. Nxd4 Bd7 8.
Bxc6 bxc6 9. O-O Bc5 10. f3 Ng5 11. f4 Ne4 12. Be3 O-O 13. Nd2 f5 14. Nxe4 fxe4
15. Qd2 Bb6 16. Nb3 Qe7 17. Qc3 Rf7 18. Nc5 Bf5 19. b4 a5 20. a3 axb4 21. axb4
Rxa1 22. Rxa1 h5 23. Qa3 Bxc5 24. Bxc5 Qe6 25. Qa8+ Kh7 26. Ra6 Qg6 27. Qxc6
Qg4 28. Ra1 Bd7 29. Qxd5 Rxf4 30. Rf1 Rxf1+ 31. Kxf1 Be6 32. Qd4 Qf4+ 33. Ke1
Qc1+ 34. Qd1 Qg5 35. h3 Qxe5 36. Qd4 Qg3+ 37. Qf2 Qc3+ 38. Kd1 Qa1+ 39. Kd2 Qe5
40. Bd4 Qg5+ 41. Be3 Qd5+ 42. Kc1 Qa2 43. Bc5 Qc4 44. Qh4 Bf7 45. Qf4 Bg6 46.
g4 Qe2 47. gxh5 Qxh5 48. Qxc7 Qg5+ 49. Kb1 e3 50. Qe7 Qg1+ 51. Kb2 Qf2 52. Qxe3
Qxc2+ 53. Ka3 Bf7 54. b5 Qa2+ 55. Kb4 Qb2+ 56. Ka5 Qa2+ 57. Kb6 Qh2 58. Qe7
Qb8+ 59. Qb7 Qd8+ 60. Ka7 Bd5 61. Qa6 Qc7+ 62. Qb7 Qxb7# 0-1

[Event "Excelsior September FIDE Ladder"]
[Site "Toronto CAN"]
[Date "2023.10.01"]
[Round "4.3"]
[White "Leliveld, Andrew"]
[Black "Tyulenev, Alexey"]
[Result "1-0"]
[WhiteElo "1717"]
[BlackElo "1205"]
[PlyCount "81"]
[EventDate "2023.09.30"]
[EventType "swiss"]
[EventRounds "5"]
[EventCountry "CAN"]

1. e4 e6 2. d4 d5 3. Nc3 c5 4. exd5 exd5 5. dxc5 d4 6. Bb5+ Nc6 7. Qe2+ Be6 8.
Bxc6+ bxc6 9. Ne4 Bxc5 10. Nxc5 Qa5+ 11. Bd2 Qxc5 12. c3 Qb6 13. b3 Ne7 14. Nf3
c5 15. O-O O-O 16. Rfe1 Nd5 17. cxd4 cxd4 18. Qd3 Rad8 19. Qxd4 Qa6 20. Qh4 Rc8
21. Ng5 Bf5 22. h3 Bg6 23. Qd4 Rfd8 24. Rec1 Rxc1+ 25. Bxc1 Qa5 26. Nf3 Nf6 27.
Qe3 Rd1+ 28. Kh2 Qc7+ 29. g3 Be4 30. Bb2 Rd3 31. Rc1 Qb8 32. Qxa7 Qd8 33. Ne5
Rd2 34. Bc3 Re2 35. Qxf7+ Kh8 36. Qa7 Qe8 37. Ng4 Nxg4+ 38. hxg4 Qf8 39. Bd4
Bd5 40. Rc7 Qd6 41. Qb8+ 1-0

[Event "Excelsior September FIDE Ladder"]
[Site "Toronto CAN"]
[Date "2023.10.01"]
[Round "4.5"]
[White "Toor, Josh"]
[Black "Tian, Dylan"]
[Result "1-0"]
[WhiteElo "799"]
[BlackElo "1060"]
[PlyCount "99"]
[EventDate "2023.09.30"]
[EventType "swiss"]
[EventRounds "5"]
[EventCountry "CAN"]

1. c4 c5 2. Nf3 Nf6 3. Nc3 d5 4. cxd5 Nxd5 5. h3 Nc6 6. d4 Nxc3 7. bxc3 Bf5 8.
d5 Nb8 9. Qa4+ Nd7 10. e4 Bg6 11. Ne5 a6 12. Qxd7+ Qxd7 13. Nxd7 Kxd7 14. Bd3
e6 15. c4 b5 16. dxe6+ fxe6 17. cxb5 axb5 18. Bxb5+ Ke7 19. e5 Kf7 20. a4 c4
21. Bxc4 Bb4+ 22. Bd2 Bxd2+ 23. Kxd2 Rhd8+ 24. Ke3 Rdc8 25. Rhc1 Ke7 26. Bd3
Rxc1 27. Rxc1 Bxd3 28. Kxd3 Rxa4 29. Rc4 Ra3+ 30. Rc3 Ra5 31. f4 Ra2 32. Rc7+
Kf8 33. Rc2 Ra3+ 34. Ke4 Ra4+ 35. Kf3 h5 36. Kg3 Kf7 37. Rf2 Kg6 38. Kh4 Kf5
39. g3 g5+ 40. Kxh5 gxf4 41. gxf4 Rxf4 42. Rxf4+ Kxf4 43. Kg6 Kxe5 44. h4 Kf4
45. h5 e5 46. h6 e4 47. h7 e3 48. h8=Q e2 49. Qh1 Ke3 50. Qe1 1-0

[Event "Excelsior September FIDE Ladder"]
[Site "Toronto CAN"]
[Date "2023.10.01"]
[Round "4.6"]
[White "Battiston, Michael"]
[Black "Askari Hassanvand, Radin"]
[Result "0-1"]
[WhiteElo "1076"]
[BlackElo "725"]
[PlyCount "96"]
[EventDate "2023.09.30"]
[EventType "swiss"]
[EventRounds "5"]
[EventCountry "CAN"]

1. e4 c6 2. d4 d5 3. e5 Bf5 4. f4 e6 5. Nf3 Nd7 6. Bd3 c5 7. O-O Bxd3 8. Qxd3
Nh6 9. Ng5 Nf5 10. c3 h6 11. g4 hxg5 12. gxf5 gxf4 13. Bxf4 Qb6 14. fxe6 Qxe6
15. Nd2 Be7 16. Rf3 Qg4+ 17. Bg3 Bg5 18. Nb3 c4 19. Qf1 cxb3 20. Rxf7 Be3+ 21.
Kg2 Qe4+ 22. Qf3 Qxf3+ 23. Rxf3 Bh6 24. e6 Nf6 25. axb3 O-O 26. c4 a6 27. Bh4
Rac8 28. e7 Rf7 29. Re1 Re8 30. Bxf6 gxf6 31. cxd5 Rfxe7 32. Rxe7 Rxe7 33. Rxf6
Bg7 34. Re6 Rd7 35. d6 Bxd4 36. Re8+ Kf7 37. Re7+ Rxe7 38. dxe7 Kxe7 39. Kf3
Bxb2 40. Ke4 Kd6 41. Kd3 Kc5 42. Kc2 Be5 43. h4 Kb4 44. h5 a5 45. h6 a4 46.
bxa4 Kxa4 47. h7 b5 48. Kb1 Kb3 0-1

[Event "Excelsior September FIDE Ladder"]
[Site "Toronto CAN"]
[Date "2023.10.01"]
[Round "5.1"]
[White "Ali, Shafkat"]
[Black "Oancea, Nicolae"]
[Result "0-1"]
[WhiteElo "1948"]
[BlackElo "1649"]
[Annotator ",hugh_brodie@hotmail."]
[PlyCount "82"]
[EventDate "2023.09.30"]
[EventType "swiss"]
[EventRounds "5"]
[EventCountry "CAN"]

1. e4 c6 2. d4 d5 3. exd5 cxd5 4. c4 Nf6 5. Nc3 Nc6 6. Nf3 Bg4 7. Qb3 Na5 8.
Qb5+ Bd7 9. Qb4 dxc4 10. Qc5 e6 11. Qe5 Qb6 12. Be2 Nc6 13. Qe3 Nb4 14. Qd2 Rc8
15. Ne5 Qxd4 16. Qxd4 Nc2+ 17. Kf1 Nxd4 18. Bxc4 Bd6 19. Nxd7 Rxc4 20. Nxf6+
gxf6 21. Bd2 O-O 22. h4 h5 23. Rd1 Nf5 24. g3 Be5 25. Kg2 Rfc8 26. Rhe1 a6 27.
f4 Bd4 28. Re2 b5 29. a3 Kh7 30. Be1 Ne3+ 31. Rxe3 Bxe3 32. Kf3 Bc5 33. Ne4 Be7
34. Bc3 Kg6 35. Nd2 Rxc3+ 36. bxc3 Rxc3+ 37. Kg2 Rxa3 38. Nf3 b4 39. Rd7 Ra2+
40. Kh3 Bc5 41. Nd2 a5 {Black won in 59 moves.} 0-1

[Event "Excelsior September FIDE Ladder"]
[Site "Toronto CAN"]
[Date "2023.10.01"]
[Round "5.2"]
[White "Truong, Daniel"]
[Black "Leliveld, Andrew"]
[Result "1/2-1/2"]
[WhiteElo "1530"]
[BlackElo "1717"]
[PlyCount "96"]
[EventDate "2023.09.30"]
[EventType "swiss"]
[EventRounds "5"]
[EventCountry "CAN"]

1. e4 c6 2. d4 d5 3. Nd2 dxe4 4. Nxe4 Bf5 5. Ng3 Bg6 6. Nf3 Nd7 7. Bd3 Bxd3 8.
Qxd3 e6 9. O-O Bd6 10. Ne4 Be7 11. Bf4 Ngf6 12. Ned2 Nd5 13. Bg3 N7f6 14. c4
Nb6 15. Qb3 Qc8 16. Rfe1 O-O 17. Ne5 Rd8 18. Ndf3 Nh5 19. Rad1 Nxg3 20. hxg3
Bf6 21. a4 Qc7 22. Ng4 Be7 23. Nge5 a5 24. Qc2 Nd7 25. Qe2 Nxe5 26. Nxe5 Bb4
27. Rf1 g6 28. Qe4 Bf8 29. b3 Bg7 30. Nf3 Rd7 31. Rd3 Rad8 32. Rfd1 Qd6 33. Kf1
Qc7 34. Kg1 Rd6 35. Ne5 Bxe5 36. Qxe5 Qd7 37. Qxa5 Qe7 38. Qe5 b6 39. Qe3 Qd7
40. Kf1 c5 41. d5 exd5 42. Rxd5 Rxd5 43. Rxd5 Qc7 44. Qd3 Rxd5 45. cxd5 Qd6 46.
f4 f6 47. Kf2 Kf7 48. Qe4 h5 1/2-1/2

[Event "Excelsior September FIDE Ladder"]
[Site "Toronto CAN"]
[Date "2023.10.01"]
[Round "5.4"]
[White "Tyulenev, Alexey"]
[Black "Toor, Josh"]
[Result "1-0"]
[WhiteElo "1205"]
[BlackElo "799"]
[PlyCount "109"]
[EventDate "2023.09.30"]
[EventType "swiss"]
[EventRounds "5"]
[EventCountry "CAN"]

1. e4 e5 2. Bc4 Nc6 3. Nf3 Nd4 4. Nxd4 exd4 5. Qh5 Qe7 6. d3 Nf6 7. Qe2 d5 8.
exd5 Qxe2+ 9. Kxe2 Bd6 10. f3 h6 11. Nd2 O-O 12. Nb3 Re8+ 13. Kf2 Be5 14. Re1
Bd7 15. Nc5 b6 16. Nxd7 Nxd7 17. Bd2 Bd6 18. Bb5 Rxe1 19. Rxe1 Nf6 20. Bc6 Rd8
21. h3 Kf8 22. g4 g5 23. c4 dxc3 24. bxc3 Be7 25. c4 Nd7 26. Kg2 Nb8 27. Bb7
Nd7 28. d4 a5 29. h4 Rb8 30. Bc6 Rd8 31. hxg5 Bxg5 32. f4 Bh4 33. Rh1 Nb8 34.
Rxh4 Nxc6 35. dxc6 Rxd4 36. Be3 Re4 37. Kf3 Rxc4 38. Rxh6 Rc3 39. Ke4 Kg7 40.
Bd4+ Kxh6 41. Bxc3 f6 42. Bxf6 b5 43. Bd8 b4 44. Bxc7 a4 45. Be5 b3 46. c7 b2
47. Bxb2 a3 48. c8=Q axb2 49. g5+ Kh5 50. Qb8 Kg4 51. Qxb2 Kh4 52. g6 Kh5 53.
g7 Kh4 54. g8=R Kh3 55. Qh8# 1-0

[Event "Excelsior September op"]
[Site "Toronto CAN"]
[Date "2023.09.06"]
[Round "1.1"]
[White "Mikhalevski, Victor"]
[Black "Ouellet, Maili Jade"]
[Result "1-0"]
[WhiteElo "2511"]
[BlackElo "2284"]
[PlyCount "67"]
[EventDate "2023.09.06"]
[EventType "swiss"]
[EventRounds "9"]
[EventCountry "CAN"]
[Source "ChessMix "]
[SourceDate "2023.09.20"]

1. c4 e6 2. g3 d5 3. Bg2 Nf6 4. Nf3 Be7 5. O-O O-O 6. b3 b6 7. Bb2 Bb7 8. Nc3
dxc4 9. bxc4 c5 10. e3 Nc6 11. Qe2 Qc7 12. Nb5 Qc8 13. Rfd1 Rd8 14. Rac1 Nb4
15. d4 cxd4 16. Bxd4 Bc6 17. Bh3 Nxa2 18. Ra1 a6 19. Nd6 Bxd6 20. Bxf6 gxf6 21.
Rxa2 Bc5 22. Nd4 Bxd4 23. exd4 Qb7 24. Qg4+ Kh8 25. Qh4 Qe7 26. d5 Bb7 27. Re1
Qf8 28. Rae2 Re8 29. Qxf6+ Qg7 30. Qf4 b5 31. Re5 f6 32. Rxe6 Rxe6 33. Rxe6
bxc4 34. d6 1-0

[Event "Excelsior September op"]
[Site "Toronto CAN"]
[Date "2023.09.06"]
[Round "1.3"]
[White "Sambuev, Bator"]
[Black "Dukic, Zachary"]
[Result "1-0"]
[WhiteElo "2480"]
[BlackElo "2198"]
[PlyCount "79"]
[EventDate "2023.09.06"]
[EventType "swiss"]
[EventRounds "9"]
[EventCountry "CAN"]
[Source "ChessMix "]
[SourceDate "2023.09.20"]

1. d4 Nf6 2. c4 g6 3. Nc3 Bg7 4. e4 d6 5. Be2 O-O 6. h4 c5 7. d5 e6 8. h5 exd5
9. exd5 Nbd7 10. h6 Bh8 11. Nf3 Re8 12. Bf4 Ne4 13. Nxe4 Rxe4 14. Bg5 Qb6 15.
b3 Re8 16. O-O Ne5 17. Nxe5 Bxe5 18. Bd3 Bd7 19. Qc2 Qa5 20. Rae1 Bd4 21. Re3
Rxe3 22. fxe3 Be5 23. Bf4 Bxf4 24. exf4 Qd8 25. Qb2 f6 26. Re1 Qf8 27. b4 cxb4
28. Qxb4 b6 29. a4 Kf7 30. a5 bxa5 31. Qxa5 Re8 32. Rb1 Qxh6 33. Qxa7 Re7 34.
Rb7 Re1+ 35. Kf2 Qh4+ 36. g3 Qh1 37. Rxd7+ Ke8 38. Rd8+ Kxd8 39. Qa5+ Kd7 40.
Qxe1 1-0

[Event "Excelsior September op"]
[Site "Toronto CAN"]
[Date "2023.09.06"]
[Round "2.2"]
[White "Almeida Quintana, Omar"]
[Black "Sambuev, Bator"]
[Result "1/2-1/2"]
[WhiteElo "2504"]
[BlackElo "2480"]
[PlyCount "33"]
[EventDate "2023.09.06"]
[EventType "swiss"]
[EventRounds "9"]
[EventCountry "CAN"]
[Source "ChessMix "]
[SourceDate "2023.09.20"]

1. d4 e6 2. c4 Nf6 3. Nf3 d5 4. Nc3 Be7 5. Bg5 h6 6. Bh4 O-O 7. e3 Ne4 8. Bxe7
Qxe7 9. Qc2 Nxc3 10. Qxc3 dxc4 11. Bxc4 b6 12. Be2 Bb7 13. O-O Rc8 14. b4 c5
15. bxc5 bxc5 16. Rfc1 Nd7 17. Qa3 1/2-1/2

[Event "Excelsior September op"]
[Site "Toronto CAN"]
[Date "2023.09.06"]
[Round "2.5"]
[White "Ouellet, Maili Jade"]
[Black "Moses, Neil"]
[Result "1/2-1/2"]
[WhiteElo "2284"]
[BlackElo "1913"]
[PlyCount "135"]
[EventDate "2023.09.06"]
[EventType "swiss"]
[EventRounds "9"]
[EventCountry "CAN"]
[Source "ChessMix "]
[SourceDate "2023.09.20"]

1. d4 Nf6 2. c4 e6 3. Nc3 Bb4 4. a3 Bxc3+ 5. bxc3 c5 6. e3 O-O 7. Bd3 d6 8. Ne2
Nc6 9. e4 e5 10. O-O Re8 11. Qc2 Ne7 12. Bg5 Ng6 13. f4 exd4 14. cxd4 cxd4 15.
c5 h6 16. Bxf6 Qxf6 17. cxd6 Qxd6 18. e5 Qc6 19. Qb2 Rd8 20. Ng3 Bd7 21. Rae1
Qc3 22. Qb1 Nf8 23. f5 Rac8 24. Ne4 Qxa3 25. Qd1 Bc6 26. Nf6+ Kh8 27. Nh5 Nh7
28. f6 g6 29. Qd2 Ng5 30. Nf4 Qc3 31. Qf2 Bd5 32. Qh4 Kh7 33. e6 Bxe6 34. Rxe6
Nxe6 35. Nxe6 Qd2 36. Nxd8 Qe3+ 37. Qf2 Rxd8 38. Qxe3 dxe3 39. Bc4 Kg8 40. Rb1
b6 41. Kf1 Rd6 42. Ke2 Rxf6 43. Kxe3 Rd6 44. Rf1 Rd7 45. Rf6 Kg7 46. Rc6 f5 47.
Be6 Rd1 48. Bc4 Rd7 49. Be2 Rb7 50. Kd4 b5 51. Kc3 a5 52. Kb3 b4 53. Bc4 Rd7
54. Rc5 Rd2 55. Bd5 Rd3+ 56. Kc2 Ra3 57. Rc6 a4 58. Ra6 b3+ 59. Kb1 Ra2 60. Rb6
f4 61. Bf3 Rf2 62. Rb4 Ra2 63. h3 g5 64. Bc6 Rc2 65. Be4 Ra2 66. Bc6 Rc2 67.
Be4 Ra2 68. Bc6 1/2-1/2

[Event "Excelsior September op"]
[Site "Toronto CAN"]
[Date "2023.09.07"]
[Round "3.1"]
[White "Mikhalevski, Victor"]
[Black "Almeida Quintana, Omar"]
[Result "1/2-1/2"]
[WhiteElo "2511"]
[BlackElo "2504"]
[PlyCount "104"]
[EventDate "2023.09.06"]
[EventType "swiss"]
[EventRounds "9"]
[EventCountry "CAN"]
[Source "ChessMix "]
[SourceDate "2023.09.20"]

1. d4 d6 2. Nf3 g6 3. c4 Bg7 4. Nc3 Bg4 5. g3 Nc6 6. Bg2 e5 7. d5 Nce7 8. e4 c5
9. b4 b6 10. bxc5 bxc5 11. Qa4+ Bd7 12. Nb5 Qb6 13. Rb1 Nf6 14. Bh3 O-O 15.
Bxd7 Nxd7 16. Bg5 Bf6 17. Bd2 a6 18. Na3 Qa7 19. O-O Rfb8 20. Bc3 Bg7 21. Nd2
f5 22. Qa5 Bh6 23. Rxb8+ Rxb8 24. f4 exf4 25. gxf4 fxe4 26. Nxe4 Nf5 27. Ng5
Bxg5 28. fxg5 Ne5 29. Bxe5 dxe5 30. Nb5 Qb6 31. Qxb6 Rxb6 32. Nc7 e4 33. Ne6 e3
34. Nxc5 Rb4 35. Ne6 Rxc4 36. d6 Rg4+ 37. Kh1 e2 38. Re1 Nxd6 39. Rxe2 Re4 40.
Rxe4 Nxe4 41. h4 Kf7 42. Nd4 Ke7 43. Kg2 Kd6 44. Kf3 Nc3 45. a3 Kd5 46. Nc2 Kc4
47. Ne3+ Kb3 48. Ng4 Kxa3 49. Nf6 Kb2 50. Nxh7 a5 51. Nf6 a4 52. h5 gxh5
1/2-1/2

[Event "Excelsior September op"]
[Site "Toronto CAN"]
[Date "2023.09.07"]
[Round "3.4"]
[White "Singh Dhaliwal, Jaipreet"]
[Black "Dukic, Zachary"]
[Result "0-1"]
[WhiteElo "1898"]
[BlackElo "2198"]
[PlyCount "53"]
[EventDate "2023.09.06"]
[EventType "swiss"]
[EventRounds "9"]
[EventCountry "CAN"]
[Source "ChessMix "]
[SourceDate "2023.09.20"]

1. e4 c5 2. Nf3 Nc6 3. d4 cxd4 4. Nxd4 Nf6 5. Nc3 e6 6. Nxc6 bxc6 7. Bd3 d5 8.
O-O Be7 9. b3 O-O 10. Bb2 Bb7 11. Qe2 Rc8 12. f4 c5 13. exd5 exd5 14. Kh1 d4
15. Ne4 Nd5 16. Rf3 f5 17. Nd2 Bd6 18. Qf2 Qc7 19. Rf1 Ne7 20. Rh3 Ng6 21. Bc4+
Kh8 22. Nf3 Bxf4 23. Nh4 Rf6 24. c3 Nxh4 25. Rxh4 Be3 26. Qe2 Rg6 27. Rf3 0-1

[Event "Excelsior September op"]
[Site "Toronto CAN"]
[Date "2023.09.07"]
[Round "4.2"]
[White "Dukic, Zachary"]
[Black "Mikhalevski, Victor"]
[Result "0-1"]
[WhiteElo "2198"]
[BlackElo "2511"]
[PlyCount "72"]
[EventDate "2023.09.06"]
[EventType "swiss"]
[EventRounds "9"]
[EventCountry "CAN"]
[Source "ChessMix "]
[SourceDate "2023.09.20"]

1. e4 e5 2. Nf3 Nc6 3. d4 exd4 4. Nxd4 Nf6 5. Nxc6 bxc6 6. e5 Qe7 7. Qe2 Nd5 8.
h4 d6 9. c4 Nb6 10. exd6 cxd6 11. Be3 d5 12. Nd2 Be6 13. c5 Nd7 14. b4 Rb8 15.
Bg5 f6 16. Bf4 Ne5 17. Bxe5 fxe5 18. Qxe5 Rxb4 19. a3 Ra4 20. Be2 Bg4 21. Qb8+
Kf7 22. Nf3 Bxf3 23. gxf3 g6 24. h5 g5 25. h6 Bg7 26. Qb3 Bxa1 27. Qxa4 Qxc5
28. O-O Re8 29. Bd3 Bd4 30. Qb3 Re6 31. Bxh7 Rxh6 32. Qb7+ Qe7 33. Bg8+ Kf8 34.
Qxe7+ Kxe7 35. Bxd5 cxd5 36. Rd1 Rh4 0-1

[Event "Excelsior September op"]
[Site "Toronto CAN"]
[Date "2023.09.07"]
[Round "4.3"]
[White "Almeida Quintana, Omar"]
[Black "Joseph, Jonath"]
[Result "1-0"]
[WhiteElo "2504"]
[BlackElo "1896"]
[PlyCount "71"]
[EventDate "2023.09.06"]
[EventType "swiss"]
[EventRounds "9"]
[EventCountry "CAN"]
[Source "ChessMix "]
[SourceDate "2023.09.20"]

1. d4 Nf6 2. Nf3 e6 3. c4 b6 4. a3 Bb7 5. Nc3 d5 6. Bg5 Be7 7. Bxf6 Bxf6 8.
cxd5 exd5 9. Qa4+ Qd7 10. Qc2 O-O 11. Rd1 Rd8 12. g3 Qe7 13. Bg2 c5 14. O-O Nd7
15. e3 Rac8 16. Rfe1 Nf8 17. Rd2 g6 18. Qd1 Ne6 19. h4 h5 20. Bh3 a6 21. Ne2
Rc7 22. Kh2 Kg7 23. Nf4 Bc8 24. Bxe6 Bxe6 25. e4 Qf8 26. dxc5 Qxc5 27. e5 Be7
28. Nxe6+ fxe6 29. Nd4 Rc6 30. Re3 Rdc8 31. Rc3 Qxc3 32. bxc3 Rxc3 33. Nxe6+
Kf7 34. Nf4 Rxa3 35. e6+ Ke8 36. Qb1 1-0